000 00300nam a2200121Ia 4500
008 220216s9999 xx 000 0 und d
100 _aOuseph T.
245 0 _aTSR turns favourite
260 _bRubber Board Bulletin
_c1987
300 _a29-31
650 _aTechnically specified rubber
942 _cBS
999 _c51156
_d51156